טוען...
Fundamental physics of radiology
| Main Authors: | , |
|---|---|
| פורמט: | Printed Book |
| יצא לאור: |
Bristol, John Wright and Sons
1977
|
| מהדורה: | Ed.3 |
| נושאים: |
| LEADER | 005150000a22001690004500 | ||
|---|---|---|---|
| 020 | |a 0-7236-0450-9 | ||
| 082 | |a 616.075 7 L7 | ||
| 100 | |a Massey, J B | ||
| 100 | |a Meredith, W J | ||
| 245 | |a Fundamental physics of radiology | ||
| 250 | |a Ed.3 | ||
| 260 | |a Bristol, John Wright and Sons | ||
| 260 | |c 1977 | ||
| 650 | |a Medical radiology | ||
| 942 | |c BK | ||
| 999 | |c 14104 |d 14104 | ||
| 952 | |0 0 |1 0 |4 0 |6 616_075000000000000_7_L7 |7 0 |8 ENG |9 13905 |a MGUL |b MGUL |d 2013-07-16 |l 1 |o 616.075 7 L7 |p 16180 |r 2016-06-03 |s 2016-04-30 |w 2013-07-16 |y BK | ||